000 00434nam a2200181 a 4500
020 _a0631700
082 0 0 _a262.0017
_bROB
100 _aRobbins, Keith
245 _aReligion and Humanism
260 _aOxford
_bBlackwell Pub. Ltd
_c1981
300 _a365p
500 _aincludes index and biblioraphy
505 2 _aIndex
650 _aChurch-History
650 _aChurch-Renewal
700 1 _aRobbins, Keith
942 _cBK
999 _c9666
_d9666